Open Data Biblioteca Nacional de Portugal


República Portuguesa: Ministério da Cultura
Biblioteca Nacional de Portugal

Catálogo da BNP: acesso por Identificadores Unívocos
Registos Bibliográficos associados ao registo de autoridade

Etiqueta de registo: 00254nam 2200025 450
001 2285902
003 http://id.bnportugal.gov.pt/bib/catbnp/2285902
010 ## $a978-989-679-957-1
021 ## $aPT$b501118/22
100 ## $a20260507d2023 c y0pory01030103ba
101 1# $apor$ceng
102 ## $aPT
105 ## $aa z 000yy
106 ## $ar
200 1# $aPlanta$fRiz Reyes$gil. Sara Boccaccini Meadows$gtrad. Marta Prino Peres
205 ## $a1ª ed
210 #9 $aLisboa$cEdicare,$d2023
215 ## $a61, [1] p.$cil.$d32 cm
675 ## $a087.5$vBN$zpor$3287999
675 ## $a581(0.053.5)$vBN$zpor$31570448
675 ## $a635.8(0.053.5)$vBN$zpor$31832280
700 #1 $aReyes,$bRiz$31997817
701 #1 $aMeadows,$bSara Boccaccini,$f1986-$4440$31997821
702 #1 $aPeres,$bMarta Prino$4730$31812837
801 #0 $aPT$bBN$gRPC
856 41 $uhttp://rnod.bnportugal.gov.pt/ImagesBN/winlibimg.aspx?skey=&doc=2285902&img=222893&save=true
900 ## $aBIBNAC$d20260615
966 ## $lBN$mFGMON$sP. 6103 A.$x1
966 ## $lBN$mFGMON$sP. 6103 A.-D $x1
971 ## $corlando$d20260507
972 ## $e0$z0$d20260615$vlrevez
973 ## $ctrodrigues$d20260601

OpendataBNP@bnportugal.pt | Mais informação sobre acesso aos dados BNP